| 000 | 00390nam a22001337a 4500 | ||
|---|---|---|---|
| 020 | _a9780471191018 | ||
| 040 | _cNust | ||
| 082 |
_a512.1 _bFAN |
||
| 100 |
_aJohn R. Fanchi _9126467 |
||
| 245 | _aMath refresher for scientists and engineers | ||
| 260 |
_aNew York: _bJohn Willey and sons Inc, _c1997. |
||
| 650 |
_aMath refresher for scientists and engineers _9126468 |
||
| 942 |
_2ddc _cBK |
||
| 999 |
_c612146 _d612146 |
||